Demografický vývoj Slovenska bakalárska práca

Na minha lista:
Detalhes bibliográficos
Autor principal: Kalinayová, Mária
Autor Corporativo: Národohospodárska fakulta EU. Katedra verejnej správy a regionálneho rozvoja
Outros Autores: Vlčková, Viera
Formato: Livro
Idioma:eslovaco
Publicado em: Bratislava 2009
Tags: Adicionar Tag
Sem tags, seja o primeiro a adicionar uma tag!

MARC

LEADER 00000nam$a2200000$$$4500
001 0103871
005 20240319124834.0
041 0 |a slo 
044 |a SK 
245 1 0 |a Demografický vývoj Slovenska  |b bakalárska práca  |c Mária Kalinayová ; škol. Viera Vlčková 
264 1 |a Bratislava  |c 2009 
300 |a 54 s. 
100 1 |a Kalinayová, Mária 
700 1 |a Vlčková, Viera 
710 2 |a Národohospodárska fakulta EU. Katedra verejnej správy a regionálneho rozvoja